| 000 | 00567nam a2200217 a 4500 | ||
|---|---|---|---|
| 001 | 0001-2054 | ||
| 003 | ELIB.Books | ||
| 008 | 190716 2010 eng | ||
| 020 | _aKBTS | ||
| 092 |
_a220.5 _bDut |
||
| 100 | _aDuthie, Alan S. | ||
| 245 | _aBible Trarnslations and How to Choose Between Them | ||
| 260 |
_aCape Town _bThe Paternoster Press _c1985 |
||
| 300 |
_a127 _c21.5 Cm |
||
| 650 | _aBible | ||
| 856 |
_nKBTS Library _uKBTS Elib |
||
| 942 |
_2ddc _cBK |
||
| 990 | _a1 | ||
| 998 |
_aEnglishbooks.elf _ccat _e2019-07-16 |
||
| 999 |
_c12054 _d12054 |
||